[Event "Bad Zwesten op 4th"]
[Site "Bad Zwesten"]
[Date "2000.01.19"]
[Round "9"]
[White "Richter, Christian"]
[Black "Wiertzema, Michael"]
[Result "1/2-1/2"]
[WhiteElo "2101"]
[BlackElo "2215"]
[PlyCount "117"]
[EventDate "2000.01.??"]
[EventType "swiss"]
[EventRounds "9"]
[EventCountry "GER"]
[SourceTitle "EXT 2001"]
[Source "ChessBase"]
[SourceDate "2000.11.22"]
[SourceVersion "1"]
[SourceVersionDate "2000.11.22"]
[SourceQuality "1"]

1. d4 Nf6 2. c4 e6 3. g3 Bb4+ 4. Bd2 a5 5. Bg2 0-0 6. a3 Bxd2+ 7. Qxd2 d5 8. Nf3 dxc4 9. Ne5 Nc6 10. Nxc6 bxc6 11. 0-0 Rb8 12. Rc1 c5 13. dxc5 Qxd2 14. Nxd2 Ba6 15. Nxc4 Bxc4 16. Rxc4 Rxb2 17. Ra4 Rfb8 18. Rxa5 Rb1+ 19. Rxb1 Rxb1+ 20. Bf1 Kf8 21. f3 Rc1 22. Kf2 Ke7 23. Bg2 Nd7 24. f4 Nxc5 25. Ra8 Ra1 26. Ke3 Ra2 27. g4 Nd7 28. g5 h5 29. gxh6 gxh6 30. Bf3 Nb6 31. Ra7 Rxa3+ 32. Rxa3 Nc4+ 33. Kd4 Nxa3 34. Kc5 Nc2 35. Be4 Ne3 36. Kd4 Ng4 37. h3 Nf6 38. Bf3 Nd7 39. e4 c5+ 40. Kc4 f6 41. Bh5 f5 42. exf5 exf5 43. Bd1 Kd6 44. Bc2 Nb6+ 45. Kb5 Nd5 46. Bxf5 Nxf4 47. Kc4 Nd5 48. Bg6 Ne7 49. Be4 Nc6 50. h4 Ne5+ 51. Kb5 c4 52. h5 Ke6 53. Kc5 Kf6 54. Kd4 Nd7 55. Kxc4 Kg5 56. Bg6 Nf6 57. Kd3 Nxh5 58. Bxh5 Kxh5 59. Ke2 1/2-1/2

[Event "Bad Zwesten op 4th"]
[Site "Bad Zwesten"]
[Date "2000.01.13"]
[Round "6"]
[White "Forgach, Andreas"]
[Black "Wiertzema, Michael"]
[Result "1-0"]
[WhiteElo "2134"]
[BlackElo "2215"]
[PlyCount "83"]
[EventDate "2000.01.??"]
[EventType "swiss"]
[EventRounds "9"]
[EventCountry "GER"]
[SourceTitle "EXT 2001"]
[Source "ChessBase"]
[SourceDate "2000.11.22"]
[SourceVersion "1"]
[SourceVersionDate "2000.11.22"]
[SourceQuality "1"]

1. e4 d6 2. d4 Nd7 3. Bc4 c6 4. Nf3 e6 5. 0-0 b5 6. Bd3 Ngf6 7. a4 b4 8. c3 a5 9. h3 e5 10. Nbd2 Be7 11. Nc4 Qc7 12. dxe5 dxe5 13. Be3 0-0 14. Qc2 Rb8 15. Rfc1 b3 16. Qe2 Re8 17. Ncd2 Nc5 18. Bxc5 Bxc5 19. Bc4 Be6 20. Bxe6 Rxe6 21. Nh4 g6 22. g3 Nh5 23. Kg2 Qe7 24. Nhf3 Qa7 25. Nc4 f6 26. Rd1 Ng7 27. Rd2 Re7 28. Rad1 Ne6 29. Rd3 Qc7 30. R3d2 Kg7 31. Ne3 Bxe3 32. Qxe3 Qb6 33. Qe2 Rbb7 34. Qc4 Qc5 35. Qe2 Ra7 36. Qd3 Reb7 37. Qe2 Kf7 38. Qd3 Qb6 39. Qc4 Re7 40. Rd6 Rac7 41. Nd2 Qc5 42. Rxe6 1-0

[Event "Bad Zwesten op 4th"]
[Site "Bad Zwesten"]
[Date "2000.01.05"]
[Round "1"]
[White "Rohde, Torsten"]
[Black "Wiertzema, Michael"]
[Result "1/2-1/2"]
[WhiteElo "1826"]
[BlackElo "2215"]
[PlyCount "55"]
[EventDate "2000.01.??"]
[EventType "swiss"]
[EventRounds "9"]
[EventCountry "GER"]
[SourceTitle "EXT 2001"]
[Source "ChessBase"]
[SourceDate "2000.11.22"]
[SourceVersion "1"]
[SourceVersionDate "2000.11.22"]
[SourceQuality "1"]

1. e4 d5 2. exd5 Qxd5 3. Nc3 Qa5 4. d4 Nf6 5. Bd3 Bg4 6. f3 Bh5 7. Nge2 e6 8. Nf4 Bg6 9. Nxg6 hxg6 10. 0-0 c6 11. Ne4 Nbd7 12. f4 Nxe4 13. Bxe4 Nf6 14. Bf3 Bd6 15. c4 0-0-0 16. a3 g5 17. fxg5 Bxh2+ 18. Kf2 Be5 19. Be3 Nh7 20. Rh1 g6 21. b4 Qc7 22. Rc1 Bf4 23. Qd2 Bxe3+ 24. Qxe3 Qe7 25. d5 Qxg5 26. Qxa7 Qd2+ 27. Kg3 Qg5+ 28. Kf2 1/2-1/2

[Event "Cuxhaven IM"]
[Site "Cuxhaven"]
[Date "2000.??.??"]
[Round "7"]
[White "Czerwonski, Aleksander"]
[Black "Wiertzema, Michael"]
[Result "1-0"]
[WhiteElo "2414"]
[BlackElo "2204"]
[PlyCount "59"]
[EventDate "2000.??.??"]
[EventType "swiss"]
[EventRounds "9"]
[EventCountry "GER"]
[SourceTitle "EXT 2002"]
[Source "ChessBase"]
[SourceDate "2001.11.25"]
[SourceVersion "1"]
[SourceVersionDate "2001.11.25"]
[SourceQuality "1"]

1. d4 Nf6 2. c4 e6 3. Nf3 d5 4. Nc3 Be7 5. Bg5 h6 6. Bxf6 Bxf6 7. e3 0-0 8. Qd2 b6 9. h4 Bb7 10. cxd5 exd5 11. g4 c5 12. g5 hxg5 13. hxg5 Bxg5 14. Bd3 Re8 15. 0-0-0 Bf6 16. Ne5 Nc6 17. f4 cxd4 18. exd4 Rxe5 19. dxe5 Nxe5 20. Bh7+ Kf8 21. Be4 g6 22. fxe5 Bg5 23. Rh8+ Kg7 24. Rxd8 Bxd2+ 25. Rxd2 Rxd8 26. Bxd5 Bxd5 27. Rxd5 Rxd5 28. Nxd5 g5 29. Kd2 Kg6 30. Ne7+ 1-0

[Event "Cuxhaven IM"]
[Site "Cuxhaven"]
[Date "2000.??.??"]
[Round "3"]
[White "Voekler, Bernd"]
[Black "Wiertzema, Michael"]
[Result "1/2-1/2"]
[WhiteElo "2380"]
[BlackElo "2204"]
[PlyCount "71"]
[EventDate "2000.??.??"]
[EventType "swiss"]
[EventRounds "9"]
[EventCountry "GER"]
[SourceTitle "EXT 2002"]
[Source "ChessBase"]
[SourceDate "2001.11.25"]
[SourceVersion "1"]
[SourceVersionDate "2001.11.25"]
[SourceQuality "1"]

1. e4 d5 2. exd5 Qxd5 3. Nc3 Qa5 4. g3 c6 5. Bg2 Nf6 6. Nf3 Bg4 7. h3 Bh5 8. 0-0 e6 9. d3 Nbd7 10. Bd2 Qc7 11. Rb1 a5 12. g4 Bg6 13. Nh4 Bc5 14. Qe2 0-0 15. Nxg6 hxg6 16. Ne4 Nxe4 17. dxe4 e5 18. Bf3 Be7 19. g5 Nc5 20. Bg4 Qd8 21. h4 Nxe4 22. Qxe4 Qxd2 23. Rfd1 Qb4 24. Qxb4 axb4 25. Rd7 Bc5 26. Rxb7 Rfd8 27. Rd7 Rxd7 28. Bxd7 Ra6 29. a4 bxa3 30. bxa3 Rxa3 31. Rb8+ Kh7 32. Bxc6 Rc3 33. Bd5 Rxc2 34. Bxf7 Rxf2 35. Bg8+ Kh8 36. Bf7+ 1/2-1/2

[Event "Bad Wildbad op"]
[Site "Bad Wildbad"]
[Date "2000.??.??"]
[Round "3"]
[White "Wiertzema, Michael"]
[Black "Sprenger, Jan Michael"]
[Result "0-1"]
[WhiteElo "2204"]
[BlackElo "2256"]
[PlyCount "68"]
[EventDate "2000.04.01"]
[EventType "swiss"]
[EventRounds "9"]
[EventCountry "GER"]
[SourceTitle "EXT 2001"]
[Source "ChessBase"]
[SourceDate "2000.11.22"]
[SourceVersion "1"]
[SourceVersionDate "2000.11.22"]
[SourceQuality "1"]

1. Nf3 Nf6 2. g3 g6 3. Bg2 Bg7 4. d3 0-0 5. e4 c5 6. 0-0 Nc6 7. Re1 d6 8. Nbd2 d5 9. c3 dxe4 10. dxe4 Qc7 11. Qe2 Rd8 12. Nf1 Ng4 13. Bf4 Nce5 14. Nxe5 Bxe5 15. Bg5 h6 16. Bc1 Bg7 17. f4 e5 18. h3 Nf6 19. fxe5 Qxe5 20. Bf4 Qe7 21. g4 b6 22. Qe3 Kh7 23. Ng3 Bb7 24. g5 Nd7 25. gxh6 Be5 26. Rf1 Bxf4 27. Rxf4 Ne5 28. Raf1 Ba6 29. R1f2 Rd3 30. Nf5 gxf5 31. Qe2 Rg8 32. Rxf5 Qh4 33. Rxe5 Rxh3 34. Rxf7+ Kh8 0-1

[Event "Cuxhaven IM"]
[Site "Cuxhaven"]
[Date "2000.??.??"]
[Round "1"]
[White "Zapolskis, Antanas J"]
[Black "Wiertzema, Michael"]
[Result "1-0"]
[WhiteElo "2410"]
[BlackElo "2204"]
[PlyCount "87"]
[EventDate "2000.??.??"]
[EventType "swiss"]
[EventRounds "9"]
[EventCountry "GER"]
[SourceTitle "EXT 2002"]
[Source "ChessBase"]
[SourceDate "2001.11.25"]
[SourceVersion "1"]
[SourceVersionDate "2001.11.25"]
[SourceQuality "1"]

1. e4 c5 2. Nf3 Nc6 3. Bb5 d6 4. 0-0 Nf6 5. e5 Nd7 6. d4 cxd4 7. exd6 e5 8. Re1 Bxd6 9. Bxc6 bxc6 10. Nxd4 Bc5 11. Be3 Qf6 12. Nc3 0-0 13. Ne4 Qg6 14. Nxc5 Nxc5 15. Nf3 Nd7 16. Nh4 Qf6 17. Qg4 h6 18. Rad1 Nb6 19. Qg3 Be6 20. Nf3 Nc4 21. Bc5 Rfd8 22. Rxd8+ Rxd8 23. b3 Nd2 24. Nxd2 Rxd2 25. Qc3 Qd8 26. Bb4 Rd1 27. Qxe5 Rd5 28. Qe2 c5 29. c4 Rd3 30. Bxc5 Rd2 31. Qe3 Rxa2 32. Bxa7 Rd2 33. Bb6 Qd7 34. h3 Rd3 35. Qe5 g6 36. Re3 Rd1+ 37. Kh2 h5 38. Ba5 Qd6 39. Qxd6 Rxd6 40. c5 Rd1 41. b4 Kf8 42. b5 Ke8 43. c6 Rb1 44. b6 1-0

[Event "Wichern op 5th"]
[Site "Hamburg"]
[Date "1999.10.21"]
[Round "8"]
[White "Hartung, Frank"]
[Black "Wiertzema, Michael"]
[Result "0-1"]
[WhiteElo "1866"]
[BlackElo "2215"]
[PlyCount "144"]
[EventDate "1999.10.15"]
[EventType "swiss"]
[EventRounds "9"]
[EventCountry "GER"]
[SourceTitle "EXT 2001"]
[Source "ChessBase"]
[SourceDate "2000.11.22"]
[SourceVersion "1"]
[SourceVersionDate "2000.11.22"]
[SourceQuality "1"]

1. d4 Nf6 2. c4 e6 3. Nf3 b6 4. g3 Ba6 5. Qc2 c5 6. Bg2 Nc6 7. dxc5 Bxc5 8. a3 Bb7 9. 0-0 0-0 10. Nc3 Qc8 11. b3 Rd8 12. Bb2 d5 13. b4 Be7 14. cxd5 exd5 15. Rfd1 h6 16. Nd4 Nxd4 17. Rxd4 a5 18. Rc1 Qe6 19. Qd1 Rac8 20. Rc2 Rc4 21. Rcd2 Rxd4 22. Rxd4 axb4 23. axb4 Rc8 24. e3 Qf5 25. f3 Rc4 26. Rxc4 dxc4 27. e4 Qd7 28. Qxd7 Nxd7 29. Bf1 Bxb4 30. Bxc4 Ne5 31. Be2 Bc5+ 32. Kg2 Nc6 33. Bb5 Nd4 34. Bc4 Bc6 35. Na2 Nc2 36. Be2 b5 37. Nc1 b4 38. Nb3 Bb6 39. Kh3 Ba4 40. Nd2 Nd4 41. Bc4 Bd1 42. Kg4 h5+ 43. Kf4 Nc2 44. Ke5 Bg1 45. h3 Ne3 46. Bd3 f6+ 47. Ke6 Bf2 48. g4 Be1 49. Nc4 Nxc4 50. Bxc4 Bc3 51. Bc1 hxg4 52. Kf5+ Kh7 53. Kxg4 Bc2 54. f4 b3 55. f5 b2 56. Bxb2 Bxb2 57. Bd5 Bd1+ 58. Kf4 Be5+ 59. Ke3 Kh6 60. Kd3 Kg5 61. Ke3 Kh4 62. Kd2 Bh5 63. Ke3 Kxh3 64. Bb7 Kg3 65. Bc6 Bc7 66. Bd5 Bb6+ 67. Kd3 Kf4 68. Bb7 Bf3 69. Bc6 Bg2 70. Bb7 Bf1+ 71. Kd2 Ba5+ 72. Kc2 Ke3 0-1

[Event "Wichern op 5th"]
[Site "Hamburg"]
[Date "1999.10.17"]
[Round "4.73"]
[White "Fransson, Jens"]
[Black "Wiertzema, Michael"]
[Result "0-1"]
[WhiteElo "2130"]
[BlackElo "2215"]
[PlyCount "108"]
[EventDate "1999.10.15"]
[EventType "swiss"]
[EventRounds "9"]
[EventCountry "GER"]
[SourceTitle "EXT 2001"]
[Source "ChessBase"]
[SourceDate "2000.11.22"]
[SourceVersion "1"]
[SourceVersionDate "2000.11.22"]
[SourceQuality "1"]

1. e4 d5 2. exd5 Qxd5 3. Nc3 Qa5 4. d4 c6 5. Bc4 Nf6 6. Bd2 Qc7 7. Nf3 Bg4 8. h3 Bxf3 9. Qxf3 e6 10. Bf4 Bd6 11. Bxd6 Qxd6 12. 0-0-0 Nbd7 13. Rhe1 0-0 14. Ne4 Nxe4 15. Rxe4 b5 16. Bd3 Qd5 17. Rh4 Qg5+ 18. Qf4 Qxf4+ 19. Rxf4 Nf6 20. Be4 Rfc8 21. g3 a5 22. c3 Kf8 23. Bg2 Ke7 24. b3 Nd5 25. Bxd5 cxd5 26. Kb2 Rc7 27. Rf3 g5 28. Re3 Rac8 29. a3 h5 30. b4 Ra7 31. h4 axb4 32. cxb4 Rac7 33. Rd2 gxh4 34. gxh4 Rg8 35. Rg3 Rxg3 36. fxg3 Rc4 37. Kb3 Kd6 38. Rd3 f6 39. a4 bxa4+ 40. Kxa4 e5 41. dxe5+ fxe5 42. Ka5 e4 43. Rb3 d4 44. b5 e3 45. b6 e2 46. Rb1 Rc8 47. b7 Rb8 48. Kb6 Kd5 49. Kc7 Rxb7+ 50. Kxb7 d3 51. Re1 Kd4 52. g4 hxg4 53. h5 d2 54. Rxe2 d1Q 0-1

[Event "Wichern op 5th"]
[Site "Hamburg"]
[Date "1999.10.17"]
[Round "3"]
[White "Wiertzema, Michael"]
[Black "Voss, Werner"]
[Result "1-0"]
[WhiteElo "2215"]
[BlackElo "1898"]
[PlyCount "59"]
[EventDate "1999.10.15"]
[EventType "swiss"]
[EventRounds "9"]
[EventCountry "GER"]
[SourceTitle "EXT 2001"]
[Source "ChessBase"]
[SourceDate "2000.11.22"]
[SourceVersion "1"]
[SourceVersionDate "2000.11.22"]
[SourceQuality "1"]

1. d4 d5 2. Nf3 e6 3. c4 c6 4. Nc3 Nf6 5. Bg5 dxc4 6. a4 Bb4 7. e4 b5 8. Be2 h6 9. Bxf6 Qxf6 10. 0-0 a6 11. e5 Qe7 12. Nd2 Bb7 13. Bf3 0-0 14. axb5 cxb5 15. Nxb5 axb5 16. Rxa8 Bxa8 17. Bxa8 Qa7 18. Bf3 Qxd4 19. Ne4 Qxe5 20. b3 f5 21. Ng3 Qc3 22. Qe2 Kf7 23. Rd1 Qxb3 24. h4 Qc3 25. h5 Ba5 26. Nxf5 Kf6 27. Nd4 Re8 28. Qe4 Kf7 29. Nxb5 Bb4 30. Nxc3 1-0